00394 a2200109 4500001001000000005001700010008004100027245011900068100002100187700002300208773005300231ART_5140820260410161746.0260409a 10aLas comisiones médicas y la habilitación de las acciones judiciales directas en materia de riesgos del trabajo1 aFormaro, Juan J.1 aGaleazzi, Mario B.0 tDoctrina laboralg- N° 422 (oct. 2020)wREV4049